000 00317nam a2200133Ia 4500
005 20260328101453.0
008 260328s9999||||xx |||||||||||||| ||und||
100 _aCalvino, Italo
245 0 _aLas Ciudades Invisibles /
_cItalo Calvino
260 _bMillenium
300 _a119 p.
650 _aURBANISMO
942 _cBK
999 _c8752
_d8752